Ultimate Treyarch Zombies Quiz(WaW-BO6) - Statistics

General Stats
  • This quiz has been taken 31 times
    8 since last reset
  • The average score is 87 of 151
Answer Stats
Answer % Correct
Blood of the Dead
100%
Buried
100%
Mob of the Dead
100%
Origins
100%
Takeo Masaki
100%
Tank Dempsey
100%
Abigail "Misty" Briarton
80%
Ascension
80%
Call of the Dead
80%
Danny Trejo
80%
Deadshot Daiquiri
80%
Deadshot Dealer
80%
Der Eisendrache
80%
Der Riese
80%
Die Rise
80%
Double Tap
80%
Edward Richtofen
80%
Electric Cherry
80%
Fidel Castro
80%
Five
80%
Gorod Krovi
80%
IX
80%
Jack Vincent
80%
John F. Kennedy
80%
Juggernog
80%
Kino Der Toten
80%
Kreeaho'ahm nal Ahmhogaroc
80%
Kreegakaleet lu Gosata'ahm
80%
Kreeholo lu Kreemasaleet
80%
Kreema’ahm la Ahmahm
80%
Moon
80%
Nacht Der Untoten
80%
Nikolai Belinski
80%
Nuketown Zombies
80%
Paralyzer
80%
PhD Flopper
80%
PhD Slider
80%
Quick Revive
80%
Ray Gun
80%
Revelations
80%
Scavenger
80%
Shadows of Evil
80%
Shangri-La
80%
Shi No Numa
80%
Staff of Fire
80%
Staff of Ice
80%
Staff of Lightning
80%
Staff of Wind
80%
Stamin-Up
80%
The Giant
80%
Thundergun
80%
Tranzit
80%
Verruckt
80%
VR-11
80%
Vulture Aid
80%
Wave Gun
80%
Widow's Wine
80%
Wunderwaffe DG-2
80%
Zetsubou No Shima
80%
31-79 JGb215
60%
Albert "Weasel" Arlington
60%
Alpha Omega
60%
Ancient Evil
60%
Apothicon Servant
60%
Blundergat
60%
Bruno Delacroix
60%
Bus Depot
60%
Classified
60%
Dead of the Night
60%
Death of Orion
60%
Diego Necalli
60%
Electric Burst
60%
Farm
60%
Firebase Z
60%
GKZ-45 Mk3
60%
Kraken
60%
KT-4
60%
Liberty Falls
60%
Marlton Johnson
60%
Mule Kick
60%
Nero Blackstone
60%
Ray Gun Mark ll
60%
Richard Nixon
60%
Robert McNamara
60%
Russman
60%
Scarlett Rhodes
60%
Sliquifier
60%
Speed Cola
60%
Stanton Shaw
60%
Tag Der Toten
60%
Terminus
60%
Thrustodyne Aeronautics Model 23
60%
Town
60%
Victorious Tortoise
60%
Voyage of Despair
60%
Who's Who
60%
Winter's Howl
60%
Acidgat
40%
Chrysalax
40%
Citadelle des Morts
40%
Death Perception
40%
D.I.E. Machine
40%
Die Maschine
40%
DRI-11 Beamsmasher
40%
Dying Wish
40%
Floyd Campbell
40%
Forsaken
40%
Hand of Charon
40%
Hand of Gaia
40%
Hand of Hemera
40%
Hand of Ouranos
40%
Magmagat
40%
Mauer Der Toten
40%
Michael Rooker
40%
Outbreak
40%
RAI K-84
40%
Robert Englund
40%
Samuel J. Stuhlinger
40%
Sarah Michelle Gellar
40%
Shattered Veil
40%
Stone Cold Stronghold
40%
The Reckoning
40%
The Tomb
40%
Timeslip
40%
Tombstone
40%
Tundragun
40%
Winter's Wail
40%
Alistair's Folly
20%
Balmung Sword
20%
Bandolier Bandit
20%
Billy Handsome
20%
Blood Wolf Bite
20%
Caliburn Sword
20%
CRBR-S
20%
Durendal Sword
20%
Elemental Pop
20%
Ethereal Razor
20%
Finn O'Leary
20%
Gideon Jones
20%
Jessica Rose
20%
Melee Macchiato
20%
Sal DeLuca
20%
Solais Sword
20%
Wrath of the Ancients
20%
Zombshell
20%
Blaze Phase
0%
Christina Fowler
0%
Godfrey
0%
Gorgofex
0%
Jonathan Warwick
0%
Secret Sauce
0%
No matching quizzes found
Score Distribution
Percent of People with Each Score
Percentile by Number Answered
Your Score History
You have not taken this quiz since the last reset